00585 a2200181 450000100060000002000150000604000220002110000270004324000330007024500280010330000070013136200090013865000230014794200070017095201130017795200960029099900170038657246 a8526248138 cAnchieta - Pituba aCooper, James Fenimore10aO último dos moicanoslpor10aO último dos moicanos a880 a2003 4aLiteratura juvenil cBK 00104070a91.1b91.1d2023-11-21l0oLJ 028.5 R696u ROD ULTp7190/PITr2023-11-21 18:24:53w2023-11-21yBK 00102ddc4070a57.2b57.2d2024-07-05l0pif815r2024-07-05 12:03:02w2024-07-05yBKzOu c57246d57246